Practical astrology / (Record no. 13213)

MARC details
000 -LEADER
fixed length control field 00887nam a22002537a 4500
001 - CONTROL NUMBER
control field ENG-90261
003 - CONTROL NUMBER IDENTIFIER
control field dpl
005 - DATE AND TIME OF LATEST TRANSACTION
control field 20080603121855.0
008 - FIXED-LENGTH DATA ELEMENTS--GENERAL INFORMATION
fixed length control field 080603t xxu||||| |||| 00| 0 eng d
010 ## - LIBRARY OF CONGRESS CONTROL NUMBER
LC control number ENG-90261
020 ## - INTERNATIONAL STANDARD BOOK NUMBER
Terms of availability 80.00
035 ## - SYSTEM CONTROL NUMBER
System control number EN-73794
037 ## - SOURCE OF ACQUISITION
Source of stock number/acquisition DBAD / PUB
040 ## - CATALOGING SOURCE
Original cataloging agency DPL
Language of cataloging EN
082 ## - DEWEY DECIMAL CLASSIFICATION NUMBER
Classification number 133.5
245 ## - TITLE STATEMENT
Title Practical astrology /
Statement of responsibility, etc compiled by K. Hariharan [and] K.S. Krishnamurti
260 ## - PUBLICATION, DISTRIBUTION, ETC. (IMPRINT)
Place of publication, distribution, etc Chennai
Name of publisher, distributor, etc Krishnamurti Publications
Date of publication, distribution, etc 2001
270 ## - ADDRESS
Address F-21A. First Floor, Spencer Plaza, 769, Anna Salai,
City Chennai
Postal code 600002
300 ## - PHYSICAL DESCRIPTION
Extent 152p.
Dimensions 25 cm (pbk)
700 ## - ADDED ENTRY--PERSONAL NAME
Personal name Hariharan, K.
700 ## - ADDED ENTRY--PERSONAL NAME
Personal name Krishnamurti, K.S.
942 ## - ADDED ENTRY ELEMENTS (KOHA)
Source of classification or shelving scheme Dewey Decimal Classification
Koha item type English Books
Classification part 133.5
Call number suffix PRA
Holdings
Withdrawn status Lost status Damaged status Not for loan Collection code Home library Current library Date acquired Source of acquisition Cost, normal purchase price Total Checkouts Full call number Barcode Date last seen Copy number Cost, replacement price Price effective from Koha item type
      Not For Loan Non-fiction D.B.Act.Division D.B.Act.Division 03/06/2008 DBAD / PUB 80.00   133.5 PRA EN-73794 15/09/2008 1 80.00 15/09/2008 English Books

© Delhi Public Library
Hit Counter
free hit counter